00966 2200325 4500001002100000005001500021035002000036007000300056040001700059100003700076245011400113250001200227300004300239504002900282020001800311041000800329082001100337084001700348090002200365264003900387336002100426337003000447338002300477650001200500700004500512850001000557008004100567990001600608990001600624INLIS00000000000629420260418020013 a0010-0322000538ta aSBPUPADbind0 aLydia Harlina MartonoePengarang1 aPencegahan dan Penanggulangan Penyalahgunaan Narkoba Berbasis Sekolah /cLydia Harlina Martono, Satya Joewana a.-cet.1 axii, 120 hal. :bilus. ;c17,5 x 25 cm aBibliografi, hlm 119-120 a979-690-325-30 aind a363.45 a363.45 LYD p a363.45 LYD p 13-3 a.--Jakarta :bBalai Pustaka,c2006 2rdacontentaTeks 2rdamediaaTanpa Perantara 2rdacarrieravolume 4aNarkoba aPengarang kedua Satya JoewanaePengarang aPUPAD260418 0  a2324/H-2007 a2325/H-2007